Normal view
MARC view
- LAN; LOCAL AREA NETWORKS-COMPUTER NETWORKS
Entry Topical Term
001 - CONTROL NUMBER
- control field: 59833
003 - CONTROL NUMBER IDENTIFIER
- control field: NUST
005 - DATE AND TIME OF LATEST TRANSACTION
- control field: 20210628202423.0
008 - FIXED-LENGTH DATA ELEMENTS
- fixed length control field: 210628|| aca||aabn | a|a d
040 ## - CATALOGING SOURCE
- Original cataloging agency: NUST
- Transcribing agency: NUST
150 ## - HEADING--TOPICAL TERM
- Topical term or geographic name entry element: LAN; LOCAL AREA NETWORKS-COMPUTER NETWORKS
670 ## - SOURCE DATA FOUND
- Source citation: Work cat.: (NUST): Forouzan, Behrouz.A Fegan, Sophia Chung 59832, Local area networks, 2003
